000 01075nam0a22002531 4500
001 rc\4044783
005 20260407082739.0
021 _aRU
_b[53-23936]
035 _a(NLR Aleph) 008102065
090 _a9250727
_c9250727
100 _a20130415d1953 |||y0rusy50 ca
101 0 _arus
102 _aRU
105 _ay z |||||
200 1 _aИнструкция для проведения производственных опытов по выращиванию овощей на крупных органо-минеральных гранулах
_fАгрофиз. ин-т Всесоюз. ордена Ленина акад. с.-х. наук им. В.И. Ленина
210 _aЛенинград
_cБ. и.
_d1953
215 _a8 с.
_d19
606 _aОвощные культуры
_xУдобрения органоминеральные
_2psbo
712 0 2 _aАгрофизический НИИ
_cЛенинград
_3RU\NLR\AUTH\888927
_9290360
801 0 _aRU
_bNLR
_gpsbo
801 1 _aRU
_bELAR
_2rusmarc
852 _aNLR
_jС40 Г-4/1267
942 _cBOOK
980 _aNB